Statistics for NBA Basketball Nicknames Quiz #2

Click here to take the quiz!

General Stats

  • This quiz has been taken 30,301 times
    (11,301 since last reset)
  • The average score is 15 of 24

Answer Stats

NicknamePlayer% Correct
MagicEarvin Johnson
97%
AirMichael Jordan
97%
Dr. JJulius Erving
93%
Uncle DrewKyrie Irving
93%
CP3Chris Paul
91%
Clyde the GlideClyde Drexler
86%
PennyAnfernee Hardaway
83%
VinsanityVince Carter
81%
Pistol PetePete Maravich
76%
The ClawKawhi Leonard
63%
SheedRasheed Wallace
57%
The Round Mound of ReboundCharles Barkley
55%
The Big AristotleShaquille O'Neal
54%
FlashDwyane Wade
54%
Jesus ShuttlesworthRay Allen
51%
BrodieRussell Westbrook
51%
KryptonateNate Robinson
47%
ZoAlonzo Mourning
45%
The Hick from French LickLarry Bird
45%
The Slim ReaperKevin Durant
45%
The Big DipperWilt Chamberlain
32%
ZekeIsiah Thomas
28%
The ReignmanShawn Kemp
25%
The Dunking DutchmanRik Smits
23%

Score Distribution

Percentile by Number Answered

Percent of People with Each Score

Your Score History

You have not taken this quiz since the last reset